Guess the Taylor Swift song with no hints n1 - Statistics

General Stats
  • This quiz has been taken 76 times
  • The average score is 249 of 347
Answer Stats
Answer % Correct
a
98%
A
98%
I
98%
an
96%
the
96%
The
96%
my
94%
And
92%
and
92%
me
92%
so
90%
to
90%
To
90%
was
90%
do
88%
in
88%
In
88%
on
88%
when
88%
be
86%
it
86%
It
86%
they
86%
who
86%
Who
86%
of
84%
can
82%
Don't
82%
if
82%
I'm
82%
it's
82%
like
82%
but
80%
But
80%
Eve
80%
have
80%
said
80%
at
78%
is
78%
Just
78%
just
78%
got
74%
want
74%
last
72%
look
72%
No
72%
I've
70%
wouldn't
70%
been
68%
Oh
68%
oh
68%
someone
68%
About
66%
Let
66%
once
66%
Thought
66%
get
64%
him
64%
Mine
64%
Please
64%
(Please)
64%
speak
64%
with
64%
again
62%
beg
62%
Change
62%
change
62%
Hand
62%
hand
62%
prophecy
62%
would've
62%
gone
60%
knees
60%
looked
60%
lost
60%
money
60%
redo
60%
tell
60%
they're
60%
wants
60%
woman
60%
company
58%
even
58%
from
58%
greater
58%
has
58%
moon
58%
very
58%
wolf
58%
bitten
56%
sky
56%
will
56%
home
54%
howl
54%
infant
54%
ink
54%
out
54%
bottle
52%
caught
52%
hope
52%
pen
52%
stays
52%
written
52%
cursed
50%
dream
50%
guess
50%
lightning
50%
made
50%
table
50%
throttle
50%
cool
48%
ok
48%
punishment
48%
unstable
48%
around
46%
It'll
46%
sound
46%
still
46%
afraid
44%
wait
44%
coin
42%
crumble
42%
drops
42%
Feeling
42%
Gathered
42%
lesser
42%
shades
42%
sinking
42%
Spending
42%
statues
42%
Cards
40%
faith
40%
fate
40%
sign
40%
fools
38%
play
38%
round
38%
sealed
38%
fable
36%
paperweight
36%
coven
34%
quicksand
34%
Slow
34%
soulmates
34%
blood
32%
Poison
32%
greige
30%
Pad
30%
sorceress'
28%
wound
28%
pricked
26%
No matching quizzes found
Score Distribution
Percent of People with Each Score
Percentile by Number Answered
Your Score History
You have not taken this quiz